Պատմվածքներ առաջին չեկիստի մասին : (Record no. 79162)
[ view plain ]
| 000 -LEADER | |
|---|---|
| fixed length control field | 00824nam a2200217 a 4500 |
| 001 - CONTROL NUMBER | |
| control field | 000225098 |
| 003 - CONTROL NUMBER IDENTIFIER | |
| control field | AM-YeHGA |
| 005 - DATE AND TIME OF LATEST TRANSACTION | |
| control field | 20250618071534.0 |
| 008 - FIXED-LENGTH DATA ELEMENTS--GENERAL INFORMATION | |
| fixed length control field | 030514s1941 ai |||||r|||||000|0|arm|d |
| 040 ## - CATALOGING SOURCE | |
| Original cataloging agency | AM-YeHGA |
| 041 0# - LANGUAGE CODE | |
| Language code of text/sound track or separate title | arm |
| 090 ## - LOCALLY ASSIGNED LC-TYPE CALL NUMBER (OCLC); LOCAL CALL NUMBER (RLIN) | |
| -- | 80423 |
| 100 1# - MAIN ENTRY--PERSONAL NAME | |
| Personal name | Գերման, Յուրի |
| 245 10 - TITLE STATEMENT | |
| Title | Պատմվածքներ առաջին չեկիստի մասին : |
| Remainder of title | [Ֆ.Դերժինսկու մասին]: Կրտսեր և միջին տարիքի երեխաների համար / |
| Statement of responsibility, etc. | Յու. Գերման ; Թարգմ.՝ Ս. Միքայելյան. |
| 260 ## - PUBLICATION, DISTRIBUTION, ETC. | |
| Place of publication, distribution, etc. | Երևան : |
| Name of publisher, distributor, etc. | Հայպետհրատ, |
| Date of publication, distribution, etc. | 1941. |
| 300 ## - PHYSICAL DESCRIPTION | |
| Extent | 78 էջ : |
| Other physical details | նկ. ; |
| Dimensions | 20 սմ. |
| 600 14 - SUBJECT ADDED ENTRY--PERSONAL NAME | |
| Personal name | Դերժինսկի, Ֆելիքս |
| 650 14 - SUBJECT ADDED ENTRY--TOPICAL TERM | |
| Topical term or geographic name entry element | Պատմություն |
| 700 1# - ADDED ENTRY--PERSONAL NAME | |
| Personal name | Միքայելյան, Ս. |
| Relator term | թարգմ. |
| Relationship | trl |
| 9 (RLIN) | 435 |
| 942 ## - ADDED ENTRY ELEMENTS (KOHA) | |
| Source of classification or shelving scheme | Universal Decimal Classification |
| Koha item type | Գրքեր / Books |
| Withdrawn status | Lost status | Damaged status | Not for loan | Collection | Home library | Current library | Date acquired | Total checkouts | Full call number | Barcode | Date last seen | Cost, replacement price | Price effective from | Koha item type | Public note |
|---|---|---|---|---|---|---|---|---|---|---|---|---|---|---|---|
| General | Fundamental Scientific Library | Fundamental Scientific Library | 22/12/2016 | AII/22056 | FL0005625 | 22/12/2016 | 1.00 | 22/12/2016 | Գրքեր / Books | 30 Days Loan | |||||
| General | Fundamental Scientific Library | Fundamental Scientific Library | 22/12/2016 | AII/38151 | 220038151 | 22/12/2016 | 22/12/2016 | Գրքեր / Books | 30 Days Loan |
ՀՀ Գիտությունների ազգային ակադեմիայի հիմնարար գիտական գրադարան = Fundamental Scientific Library of NAS RA
All site content, except where otherwise noted, is licensed under a